Medi@terra 99 : Pendulum Symposium : Mediterranean and Balkan art & technology festival = Εκκρεμές Συμπόσιο : μεσογειακό και βαλκανικό φεστιβάλ τέχνης και τεχνολογίας
Αποθηκεύτηκε σε:
| Συλλογικό Έργο: | , |
|---|---|
| Μορφή: | Πρακτικό Συνεδρίου Βιβλίο |
| Γλώσσα: | Greek English |
| Δημοσίευση: |
Αθήνα :
Φούρνος,
1999
|
| Θέματα: | |
| Ετικέτες: |
Προσθήκη ετικέτας
Δεν υπάρχουν, Καταχωρήστε ετικέτα πρώτοι!
|
MARC
| LEADER | 00000cam a2200000 i 4500 | ||
|---|---|---|---|
| 001 | 1/17804 | ||
| 008 | 010302s1999 gre d | ||
| 035 | |l 10066267 | ||
| 040 | |a GR-MY-UA |b gre |e aacr | ||
| 041 | 0 | |a gre |a eng | |
| 082 | 0 | |a 701.5 | |
| 110 | 2 | |a Mediaterra. | |
| 245 | 1 | 0 | |a Medi@terra 99 : |b Pendulum Symposium : Mediterranean and Balkan art & technology festival = Εκκρεμές Συμπόσιο : μεσογειακό και βαλκανικό φεστιβάλ τέχνης και τεχνολογίας / |c έκδοση Φούρνος |
| 246 | 3 | 3 | |a Mediaterra |
| 260 | |a Αθήνα : |b Φούρνος, |c 1999 | ||
| 300 | |a 247 σ.; |b εικ; |c 29 εκ. | ||
| 500 | |a Το Συμπόσιο πραγματοποιήθηκε στην Αθήνα, στην αίθουσα τέχνης "Φούρνος" κατά τις 10-12 Δεκεμβρίου 1999 | ||
| 650 | 0 | 0 | |a Art and technology. |
| 650 | 0 | 0 | |a Video art |z Greece |x Exhibitions. |
| 650 | 0 | 0 | |a Computer art |x Exhibitions. |
| 711 | 1 | |a Φούρνος. | |
| 852 | |a INST |b SYROS |e 20010302 |h 701.05 MED |p 005500001732 |q 005500001732 |t BK |y 0 | ||
| 901 | |a BIBL5-2001-1 | ||
| 909 | |a Ε |b 085697 | ||
| 970 | |a ΚΟΝΤΟΥ |b ΠΑΡΑΣΚΕΥΗ |z 2001/03/02 | ||